[Event "Wch Seniors 50 30th"]
[Site "Assisi"]
[Date "2022.11.19"]
[Round "5"]
[White "Lasinskas, Povilas"]
[Black "Terentiev, Sergei"]
[Result "1/2-1/2"]
[WhiteElo "2125"]
[BlackElo "2274"]
[PlyCount "124"]
[EventDate "2022.11.15"]
[EventType "swiss"]
[EventRounds "11"]
[EventCountry "ITA"]
[SourceTitle "CBM 211 Extra"]
[Source "ChessBase"]
[SourceDate "2023.01.31"]
[SourceVersion "1"]
[SourceVersionDate "2023.01.31"]
[SourceQuality "1"]

1. d4 Nf6 2. c4 g6 3. Nc3 d5 4. Nf3 Bg7 5. cxd5 Nxd5 6. Bg5 c5 7. e3 Nxc3 8. bxc3 0-0 9. Bc4 Nc6 10. 0-0 Na5 11. Bd3 Be6 12. Qa4 c4 13. Be2 f6 14. Bf4 Bd5 15. Rab1 a6 16. Qb4 b5 17. Nd2 e5 18. Bg3 Re8 19. Bf3 e4 20. Be2 Bf8 21. Qb2 Ra7 22. Qc2 Qd7 23. Ra1 Kg7 24. Rae1 Bd6 25. f3 Bxg3 26. hxg3 f5 27. fxe4 fxe4 28. Rf4 Qc6 29. Ref1 Nb7 30. Qc1 Nd6 31. Qe1 a5 32. g4 g5 33. Rf6 Rf7 34. Rxf7+ Nxf7 35. Rf5 Be6 36. Rc5 Qd7 37. Qg3 Rc8 38. Nxe4 b4 39. Qf2 Qe7 40. cxb4 axb4 41. Rxc8 Bxc8 42. Bxc4 Nh6 43. Bd5 Nxg4 44. Qg3 Bf5 45. Qf3 Kg6 46. Bc6 Qe6 47. Nc5 Qc4 48. Be8+ Kh6 49. Nb3 Qc3 50. Qc6+ Qxc6 51. Bxc6 Nxe3 52. Nc5 Bb1 53. Na6 Bxa2 54. Nxb4 Bb1 55. Kf2 Nf5 56. d5 Kg7 57. Na6 Kf6 58. Nc5 Ke7 59. Nd7 Kd6 60. Nf6 Ne7 61. Bb7 Ke5 62. Ng4+ Kd6 1/2-1/2

[Event "Hastings Masters op 95th"]
[Site "Hastings"]
[Date "2019.12.31"]
[Round "4"]
[White "Terentiev, Sergei"]
[Black "Balaji, Aaravamudhan"]
[Result "1/2-1/2"]
[WhiteElo "2292"]
[BlackElo "2050"]
[PlyCount "95"]
[EventDate "2019.12.28"]
[EventType "swiss"]
[EventRounds "9"]
[EventCountry "ENG"]
[SourceTitle "CBM 194 Extra"]
[Source "ChessBase"]
[SourceDate "2020.03.31"]
[SourceVersion "1"]
[SourceVersionDate "2020.03.31"]
[SourceQuality "1"]

1. c4 e5 2. g3 Nf6 3. Bg2 d5 4. cxd5 Nxd5 5. Nf3 Nc6 6. 0-0 Nb6 7. Nc3 f6 8. d4 Bg4 9. dxe5 Qxd1 10. Rxd1 fxe5 11. b3 Bd6 12. Bb2 Ke7 13. Ne4 a5 14. h3 Bxf3 15. Bxf3 a4 16. Nxd6 cxd6 17. b4 Nc4 18. Bc3 Rab8 19. b5 Na7 20. Rab1 Na3 21. Rb4 N3xb5 22. Bd2 Nd4 23. Bg5+ Kf7 24. Rxa4 Nab5 25. Rb4 Nc3 26. Rd2 Nxf3+ 27. exf3 d5 28. Rdb2 b5 29. Bd2 d4 30. f4 e4 31. Bxc3 dxc3 32. Rc2 Rhc8 33. Rxe4 b4 34. Kf1 Rd8 35. Re1 Ra8 36. Re4 Ra4 37. Ree2 Rd3 38. Re3 Rd1+ 39. Re1 Rd2 40. Rxd2 cxd2 41. Rb1 Rxa2 42. Ke2 d1Q+ 43. Kxd1 Rxf2 44. Rxb4 Rf3 45. g4 Rxh3 46. Rb7+ Kf6 47. Rb6+ Kf7 48. Rb7+ 1/2-1/2

[Event "Hastings Masters op 95th"]
[Site "Hastings"]
[Date "2019.12.30"]
[Round "3"]
[White "Korneev, Oleg"]
[Black "Terentiev, Sergei"]
[Result "1-0"]
[WhiteElo "2524"]
[BlackElo "2292"]
[PlyCount "75"]
[EventDate "2019.12.28"]
[EventType "swiss"]
[EventRounds "9"]
[EventCountry "ENG"]
[SourceTitle "CBM 194 Extra"]
[Source "ChessBase"]
[SourceDate "2020.03.31"]
[SourceVersion "1"]
[SourceVersionDate "2020.03.31"]
[SourceQuality "1"]

1. e4 c5 2. Nf3 g6 3. d4 cxd4 4. Nxd4 Bg7 5. c4 Nf6 6. Nc3 0-0 7. Be2 Nc6 8. Be3 d6 9. 0-0 Bd7 10. Qd2 Ng4 11. Bxg4 Bxg4 12. h3 Bd7 13. Rfd1 f5 14. exf5 gxf5 15. Nde2 Kh8 16. c5 Ne5 17. cxd6 Rg8 18. Bg5 Bf6 19. Bxf6+ exf6 20. Ng3 Qb6 21. Qd4 Bc6 22. Nd5 Qxd4 23. Rxd4 Bxd5 24. Rxd5 f4 25. Nh5 f3 26. g3 Nd7 27. Re1 Rac8 28. Rf5 Rg5 29. Rxg5 fxg5 30. Re7 Rd8 31. g4 h6 32. Kh2 Nf8 33. Nf6 Rxd6 34. Rf7 Rd8 35. Rxb7 a5 36. b3 Rd6 37. Rf7 Rd8 38. Kg3 1-0

[Event "Ust Sysolskaya Ladya"]
[Site "Syktyvkar"]
[Date "2012.06.23"]
[Round "8"]
[White "Sheremeta, Yuri"]
[Black "Terentiev, Sergei"]
[Result "1-0"]
[WhiteElo "2153"]
[BlackElo "1939"]
[PlyCount "89"]
[EventDate "2012.06.17"]
[EventType "tourn"]
[EventRounds "9"]
[EventCountry "RUS"]
[SourceTitle "EXT 2013"]
[Source "ChessBase"]
[SourceDate "2012.11.22"]
[SourceVersion "1"]
[SourceVersionDate "2012.11.22"]
[SourceQuality "1"]

1. d4 Nf6 2. c4 e6 3. Nc3 d5 4. cxd5 exd5 5. Bg5 Be7 6. e3 0-0 7. Bd3 h6 8. Bxf6 Bxf6 9. Nge2 c6 10. 0-0 Nd7 11. b4 Be7 12. b5 Nf6 13. bxc6 bxc6 14. Na4 Bd7 15. Qc2 Qa5 16. Rab1 Rab8 17. Rb3 Qxa4 18. Rxb8 Qxc2 19. Rxf8+ Kxf8 20. Bxc2 c5 21. dxc5 Bb5 22. Re1 Bxe2 23. Rxe2 Bxc5 24. Rd2 Ke7 25. Bb3 Kd6 26. h3 Kc6 27. g4 Bb4 28. Rd1 a5 29. Kg2 Bc5 30. Kf3 g5 31. Rd2 Bd6 32. Ba4+ Kc5 33. Rb2 Kc4 34. Rb7 Be5 35. Rxf7 Kb4 36. Bb3 Bc3 37. Rxf6 Bxf6 38. Bxd5 Kc5 39. Ke4 Bg7 40. Bg8 Bc3 41. Kf5 Be1 42. f4 Bh4 43. Kg6 gxf4 44. exf4 Bg3 45. Kxh6 1-0

[Event "Ust Sysolskaya Ladya"]
[Site "Syktyvkar"]
[Date "2012.06.19"]
[Round "3"]
[White "Isakov, Andrey"]
[Black "Terentiev, Sergei"]
[Result "1-0"]
[WhiteElo "2260"]
[BlackElo "1939"]
[PlyCount "65"]
[EventDate "2012.06.17"]
[EventType "tourn"]
[EventRounds "9"]
[EventCountry "RUS"]
[SourceTitle "EXT 2013"]
[Source "ChessBase"]
[SourceDate "2012.11.22"]
[SourceVersion "1"]
[SourceVersionDate "2012.11.22"]
[SourceQuality "1"]

1. e4 c5 2. Nf3 Nc6 3. d4 cxd4 4. Nxd4 e5 5. Nb5 d6 6. N1c3 a6 7. Na3 Nf6 8. Bg5 Be7 9. Nc4 Be6 10. Bxf6 gxf6 11. Ne3 Nd4 12. Bd3 0-0 13. 0-0 b5 14. a4 Qd7 15. Ncd5 Rab8 16. c3 Nc6 17. axb5 axb5 18. Ra6 Bd8 19. Qe2 Qb7 20. Rfa1 Kg7 21. b4 Rg8 22. Bxb5 Qxb5 23. Qxb5 Rxb5 24. Rxc6 f5 25. c4 Rb7 26. exf5 Bd7 27. Rxd6 Bg5 28. b5 Rc8 29. Nb6 Bxe3 30. fxe3 Rcc7 31. Nxd7 Rxd7 32. Rxd7 Rxd7 33. c5 1-0

[Event "Ust Sysolskaya Ladya"]
[Site "Syktyvkar"]
[Date "2012.06.17"]
[Round "1"]
[White "Zasypkin, Alexey"]
[Black "Terentiev, Sergei"]
[Result "0-1"]
[WhiteElo "2221"]
[BlackElo "1939"]
[PlyCount "68"]
[EventDate "2012.06.17"]
[EventType "tourn"]
[EventRounds "9"]
[EventCountry "RUS"]
[SourceTitle "EXT 2013"]
[Source "ChessBase"]
[SourceDate "2012.11.22"]
[SourceVersion "1"]
[SourceVersionDate "2012.11.22"]
[SourceQuality "1"]

1. d4 Nf6 2. c4 e6 3. Nf3 b6 4. g3 Bb7 5. Bg2 Be7 6. 0-0 0-0 7. Nc3 Ne4 8. d5 Nxc3 9. bxc3 d6 10. Nd4 e5 11. Nf5 Bc8 12. e4 Bxf5 13. exf5 Bg5 14. Ba3 Bf6 15. Be4 Nd7 16. h4 Nc5 17. Bxc5 bxc5 18. Qa4 g6 19. Rab1 Qc8 20. Qc2 Qa6 21. fxg6 hxg6 22. h5 gxh5 23. Qe2 Kg7 24. Qxh5 Rh8 25. Qg4+ Kf8 26. Kg2 Ke7 27. f4 Qxa2+ 28. Kf3 Rh2 29. Rbe1 Qg2+ 30. Ke3 Qd2+ 31. Kf3 Qxc3+ 32. Re3 Qd2 33. Ree1 Rb8 34. Qf5 Qg2+ 0-1

[Event "Komi-ch"]
[Site "Syktyvkar"]
[Date "2012.02.17"]
[Round "7"]
[White "Terentiev, Sergei"]
[Black "Akulin, Petr"]
[Result "1-0"]
[WhiteElo "2320"]
[BlackElo "1716"]
[PlyCount "83"]
[EventDate "2012.02.11"]
[EventType "swiss"]
[EventRounds "9"]
[EventCountry "RUS"]
[SourceTitle "EXT 2014"]
[Source "ChessBase"]
[SourceDate "2013.11.20"]
[SourceVersion "1"]
[SourceVersionDate "2013.11.20"]
[SourceQuality "1"]

1. Nf3 Nf6 2. d4 g6 3. c4 Bg7 4. Nc3 d6 5. e4 0-0 6. Be2 Nc6 7. d5 Ne5 8. Nxe5 dxe5 9. Be3 e6 10. Qc2 exd5 11. cxd5 Ne8 12. Rc1 f5 13. Nb5 Rf7 14. Nxa7 fxe4 15. Nxc8 Rxc8 16. Bg4 Rf5 17. Qb3 Nd6 18. 0-0 Qh4 19. h3 h5 20. g3 Qf6 21. Bxf5 gxf5 22. Bc5 Rf8 23. Bxd6 cxd6 24. Qxb7 f4 25. Qd7 Kh7 26. Qe6 Qxe6 27. dxe6 Re8 28. Rfe1 Rxe6 29. Rc6 Rg6 30. Kg2 f3+ 31. Kf1 d5 32. Rxg6 Kxg6 33. b4 Bf8 34. b5 Bb4 35. Rb1 Bc5 36. b6 e3 37. fxe3 Bxe3 38. b7 Ba7 39. b8Q Bxb8 40. Rxb8 Kf5 41. Kf2 e4 42. Ke3 1-0

[Event "Komi-ch"]
[Site "Syktyvkar"]
[Date "2012.02.14"]
[Round "4"]
[White "Terentiev, Sergei"]
[Black "Orlovtsev, Alexander"]
[Result "1-0"]
[WhiteElo "2320"]
[BlackElo "1984"]
[PlyCount "93"]
[EventDate "2012.02.11"]
[EventType "swiss"]
[EventRounds "9"]
[EventCountry "RUS"]
[SourceTitle "EXT 2014"]
[Source "ChessBase"]
[SourceDate "2013.11.20"]
[SourceVersion "1"]
[SourceVersionDate "2013.11.20"]
[SourceQuality "1"]

1. Nf3 Nf6 2. d4 g6 3. c4 Bg7 4. Nc3 d5 5. cxd5 Nxd5 6. e4 Nxc3 7. bxc3 c5 8. Bb2 0-0 9. Be2 Nc6 10. d5 Ne5 11. Nxe5 Bxe5 12. 0-0 Qc7 13. g3 Bh3 14. Re1 c4 15. Qd2 Rfd8 16. a4 Rac8 17. a5 Bg7 18. Ra4 b5 19. axb6 axb6 20. Rxc4 Qxc4 21. Bxc4 Rxc4 22. Qd3 Rdc8 23. e5 b5 24. f4 Rd8 25. Ba3 Be6 26. Qxc4 bxc4 27. dxe6 fxe6 28. Kf2 Kf7 29. h4 h6 30. Re4 Rc8 31. Ke3 Rc7 32. Kd4 Ke8 33. Bc5 Kd7 34. Kxc4 Kc6 35. Bd4 Kd7+ 36. Kb5 Rc8 37. c4 Kc7 38. Bb6+ Kb7 39. Rd4 g5 40. hxg5 hxg5 41. Rd7+ Kb8 42. Rxe7 Bf8 43. Rxe6 gxf4 44. gxf4 Kb7 45. c5 Kb8 46. f5 Bg7 47. f6 1-0

[Event "Komi-ch"]
[Site "Pechora"]
[Date "2011.02.25"]
[Round "6"]
[White "Sheremeta, Yuri"]
[Black "Terentiev, Sergei"]
[Result "1-0"]
[WhiteElo "2132"]
[BlackElo "2320"]
[PlyCount "99"]
[EventDate "2011.02.20"]
[EventType "swiss"]
[EventRounds "9"]
[EventCountry "RUS"]
[SourceTitle "CBM 141 Extra"]
[Source "ChessBase"]
[SourceDate "2011.05.03"]
[SourceVersion "1"]
[SourceVersionDate "2011.05.03"]
[SourceQuality "1"]

1. d4 d5 2. Nf3 Nf6 3. g3 e6 4. Bg2 c5 5. 0-0 cxd4 6. Nxd4 e5 7. Nf3 Nc6 8. c4 d4 9. e3 Be7 10. exd4 exd4 11. Nbd2 0-0 12. a3 Bg4 13. b4 a5 14. b5 Ne5 15. Qb3 a4 16. Qb2 Nxf3+ 17. Nxf3 Bc5 18. Bd2 Be6 19. Bb4 b6 20. Bxc5 bxc5 21. Rac1 Nd7 22. Nd2 Rb8 23. f4 f6 24. Qc2 Nb6 25. Qd3 Re8 26. Be4 f5 27. Bg2 Qf6 28. Rfe1 Re7 29. Nf3 Kh8 30. Ne5 Rbe8 31. Bc6 Rd8 32. h4 h6 33. Kf2 g5 34. hxg5 hxg5 35. Rh1+ Kg7 36. Rh5 gxf4 37. gxf4 Rg8 38. Rch1 Kf8 39. Rh6 Qg7 40. Ng6+ Qxg6 41. Rxg6 Rxg6 42. Bd5 Rf6 43. Rh8+ Kf7 44. Qg3 Rd7 45. Qg8+ Ke7 46. Bxe6 Kd6 47. Bxd7 Nxd7 48. Qd5+ Kc7 49. Rh7 Rd6 50. b6+ 1-0

[Event "Daugavpils"]
[Site "Daugavpils"]
[Date "1990.??.??"]
[Round "?"]
[White "Rausis, Igors"]
[Black "Terentiev, Sergei"]
[Result "1-0"]
[WhiteElo "2470"]
[BlackElo "2360"]
[PlyCount "51"]
[EventDate "1990.02.??"]
[EventType "tourn"]
[EventRounds "9"]
[EventCountry "LAT"]
[EventCategory "8"]
[SourceTitle "CBM 017"]
[Source "ChessBase"]
[SourceDate "1990.08.01"]
[SourceVersion "1"]
[SourceVersionDate "1990.08.01"]
[SourceQuality "1"]

1. Nf3 Nf6 2. c4 g6 3. Nc3 d5 4. cxd5 Nxd5 5. Qa4+ c6 6. Qd4 f6 7. e4 Nb6 8. Qxd8+ Kxd8 9. d4 Be6 10. Bf4 g5 11. Bg3 h5 12. d5 Bd7 13. h4 g4 14. Nd4 c5 15. Nb3 e5 16. dxe6 Bxe6 17. 0-0-0+ Kc8 18. Nb5 Rh7 19. Bxb8 Bxb3 20. axb3 Bh6+ 21. Kc2 Kxb8 22. Rd8+ Nc8 23. e5 a6 24. Bd3 axb5 25. Bxh7 fxe5 26. Rhd1 1-0

[Event "Daugavpils"]
[Site "Daugavpils"]
[Date "1990.??.??"]
[Round "?"]
[White "Zhuravlev, Valery Ivanovich"]
[Black "Terentiev, Sergei"]
[Result "1-0"]
[WhiteElo "2460"]
[BlackElo "2360"]
[PlyCount "59"]
[EventDate "1990.02.??"]
[EventType "tourn"]
[EventRounds "9"]
[EventCountry "LAT"]
[EventCategory "8"]
[SourceTitle "CBM 017"]
[Source "ChessBase"]
[SourceDate "1990.08.01"]
[SourceVersion "1"]
[SourceVersionDate "1990.08.01"]
[SourceQuality "1"]

1. e4 c5 2. Nf3 g6 3. c3 Bg7 4. d4 cxd4 5. cxd4 d6 6. h3 Nf6 7. Nc3 0-0 8. Be3 b6 9. Bd3 Bb7 10. 0-0 Nc6 11. a3 Rc8 12. Rc1 Na5 13. Nd2 Nd7 14. b4 Nc6 15. Nb3 a6 16. Qd2 b5 17. f4 Nb6 18. d5 Nb8 19. Na5 Ba8 20. Ne2 Na4 21. Nd4 Qd7 22. Be2 Rxc1 23. Rxc1 Rc8 24. Bg4 Rxc1+ 25. Qxc1 Qd8 26. h4 h5 27. Bh3 Kh7 28. f5 e5 29. fxg6+ Kh8 30. Ndc6 1-0

[Event "URS-chT Cup 12th"]
[Site "Kislovodsk"]
[Date "1982.06.??"]
[Round "7"]
[White "Salov, Valery"]
[Black "Terentiev, Sergei"]
[Result "1-0"]
[WhiteElo "2330"]
[BlackElo "2415"]
[PlyCount "51"]
[EventDate "1982.06.??"]
[EventType "team-tourn"]
[EventRounds "7"]
[EventCountry "URS"]
[SourceTitle "EXT 2020"]
[Source "ChessBase"]
[SourceDate "2019.10.17"]
[SourceVersion "1"]
[SourceVersionDate "2019.10.17"]
[SourceQuality "1"]
[WhiteTeam "Burevestnik"]
[BlackTeam "Lokomotiv"]
[WhiteTeamCountry "URS"]
[BlackTeamCountry "URS"]

1. d4 Nf6 2. c4 g6 3. Nc3 d5 4. cxd5 Nxd5 5. e4 Nxc3 6. bxc3 Bg7 7. Nf3 c5 8. Rb1 0-0 9. Be2 Nc6 10. d5 Ne5 11. Nxe5 Bxe5 12. Qd2 e6 13. f4 Bg7 14. d6 e5 15. 0-0 exf4 16. Qxf4 f5 17. Bc4+ Kh8 18. e5 Re8 19. Re1 Be6 20. Bxe6 Rxe6 21. Rxb7 Qe8 22. Qh4 Rxe5 23. Re7 Rxe7 24. Rxe7 Qf8 25. d7 Rd8 26. Rxg7 1-0